25 Series & TV Shows by Quote #2 - Statistics

General Stats
  • This quiz has been taken 42 times
  • The average score is 5 of 25
Answer Stats
Hint Answer % Correct
"Red light, green light! Squid Game
83%
"I’m not a hero. I’m just a kid who got bit by a wolf." Teen Wolf
50%
"Fight the dead, fear the living." The Walking Dead
50%
"It's gonna be legen—wait for it—dary!" How I Met Your Mother
43%
"You know you love me. XOXO." Gossip Girl
40%
"Live long and prosper." Star Trek
35%
"Cool, cool, cool, cool, cool, cool, cool, cool." Brooklyn Nine-Nine
33%
"Pick me, choose me, love me. Grey’s Anatomy
33%
"I’m Geralt of Rivia, I kill monsters." The Witcher
28%
“S’all good, man!” Better Call Saul
23%
"Plata o plomo." Narcos
20%
"What is it you truly desire?" Lucifer
18%
"I’m not crazy. My mother had me tested." Young Sheldon
15%
"The Time Keepers are lies. They’re all lies!" Loki
13%
"To understand what I'm about to tell you, you need to believe in the impossible" The Flash
13%
“For all its faults, Earth is really beautiful.” The 100
10%
"Rule #1: Never let suspects stay together." NCIS
8%
"The trouble is, I have the sort of face that if I'm not smiling, then everyone says, 'Oh, isn't she cross?" The Crown
8%
"When you're lost in the darkness, look for the light." The Last of Us
8%
"The game is the game." The Wire
8%
“I don’t pay for suits. My suits are on the house or the house burns down.” Peaky Blinders
5%
"There are __ _______ ___. __ _______ ___ you shouldn’t do this." 13 Reasons Why
3%
"I know people. We love humiliation. We can't not laugh." Black Mirror
3%
“Death can be the greatest opportunity of your life.” Money Heist / La Casa de Papel
3%
"I was a good girl. But I did a bad thing." Orange is the new black
3%
No matching quizzes found
Score Distribution
Percent of People with Each Score
Percentile by Number Answered
Your Score History
You have not taken this quiz